000 00605nam a2200193 i 4500
001 146451
003 ES-MaACL
005 20251109132615.0
007 t|
008 070910s1934 fr ||||1| fre d
245 0 0 _aTrésor des proverbes français anciens et modernes /
_créunis et commentés par le Cte Henri de Vibraye.
260 _aParis :
_bÉ. Hazan,
_c1934.
300 _a433 p. ;
_c18 cm.
650 4 _aRefranes y proverbios-
_zFrancia.
_9157371
700 1 _aVibraye, Henri de,
_d1874-1971
_9164345
852 _aES-MaACL
_jA-2892
852 _aES-MaACL
_jA-2571
999 _c146451
_d146451